000 01386cam a2200217 4500
001 ABS67104
008 030929n2003 000 0 eng u
035 _a(Sirsi) u123740
245 _aHenriques v Stephens (VO)
_h[electronic resource]
260 _c2003
490 _aRating and Valuation Reporter
_v[2003] RVR 266-268(3)
520 _aRA/52/2002, 2 July 2003. Appeal by ratepayer (H) against LVT decision which held that the property in question was correctly included on the 2000 non-domestic rating list as office premises and that a rateable value of £850 was fair and reasonable. LT upheld LVT decision that the premises which had been used as an office until 1991 and remained capable of independent use and which had been included in the 1995 non-domestic rating list were correctly rated in the 2000 list as there had been no material change of circumstances apart from the grant of planning permission for change of use to residential but this did not forbid business use. Appeal dismissed. (See also Abs64853).
590 _aABS
650 _aHENRIQUES V STEPHENS (VO) (2003)
650 _aRATEABLE VALUE
650 _aMATERIAL CHANGE OF CIRCUMSTANCES
650 _aPLANNING PERMISSION
690 _aRATING AND LOCAL TAXATION-CASE LAW
856 _uhttps://www3.eurolii.org/ew/cases/EWLands/2003/RA_52_2002.html
_zView decision at www3.eurolii.org
942 _n0
999 _c73473
_d73473